Viento en popa 3 /
Guardado en:
| Autor Principal: | |
|---|---|
| Formato: | Libro |
| Publicado: |
Buenos Aires :
Aique,
1991
|
| Materias: | |
| Etiquetas: |
Agregar Etiqueta
Sin Etiquetas, Sea el primero en etiquetar este registro!
|
| LEADER | 00608nam a22002055a 4500 | ||
|---|---|---|---|
| 001 | CEM.cems012473 | ||
| 005 | 20070416180716.0 | ||
| 008 | 130507s1991##################000#0#####d | ||
| 003 | CEMS | ||
| 020 | |a 950701070X | ||
| 082 | 0 | 4 | |a 372.41 |
| 100 | 1 | |a Goldberg, Mirta | |
| 245 | 1 | 0 | |a Viento en popa 3 / |c Mirta Goldberg |
| 260 | |a Buenos Aires : |b Aique, |c 1991 | ||
| 300 | |a 128 p. | ||
| 653 | |a Biblioteca maría de los angeles saggio | ||
| 653 | |a Educación primaria | ||
| 653 | |a Lengua-1º ciclo egb | ||
| 653 | |a Lengua-libro de lectura | ||
| 859 | |a CEMS |b BIB. CEMS - 11 de abril |h 372.41 |i G272 |p 23785.07 |t Ej.1 |v 3º |3 3º | ||
